| 000 | 01881nam0a2200349 4500 | ||
|---|---|---|---|
| 001 | RU\NLR\bibl\1392763 | ||
| 005 | 20260407092206.0 | ||
| 010 |
_a978-5-89123-186-3 _93000 |
||
| 021 |
_aRU _b2009-38569 _92343 |
||
| 035 | _a(NLR Aleph) 001384795 | ||
| 090 |
_a1124715 _c1124715 |
||
| 100 | _a20090715d2009 |||y0rusy50 ca | ||
| 101 | 0 | _arus | |
| 102 | _aRU | ||
| 105 | _ay ||||||||| | ||
| 200 | 1 |
_aКультура русской речи _eучебник для студентов высших учебных заведений _f[Виноградов С.И., к.филол.н., Граудина Л.К., д.филол.н., проф., Даниленко В.П., д.филол.н. и др.] _gотв. ред.: д.филол.н., проф. Л.К. Граудина и д.филол.н., проф. Е.Н. Ширяев _gРос. акад. наук, Ин-т рус. яз. им. В.В. Виноградова |
|
| 210 |
_aМосква _cНорма _d2009 |
||
| 215 |
_a549 c. _d22 |
||
| 225 | 1 | _aУчебник для вузов | |
| 320 | _aБиблиогр. в подстроч. примеч. и в конце глав | ||
| 606 | 1 |
_aРусский язык _jУчебники для высших учебных заведений _xКультура речи _91542537 _3RU\NLR\auth\66973867 |
|
| 686 | _aШ141.12-923-72 | ||
| 701 | 1 |
_4070 _8rus _7ca _aВиноградов _bС. И. _cфилолог _3RU\NLR\AUTH\777913 _9117837 |
|
| 701 | 1 |
_4070 _8rus _7ca _aГраудина _bЛ. К. _f1931- _gЛюдмила Карловна _3RU\NLR\auth\777912 _9117836 |
|
| 701 | 1 |
_aДаниленко _bВ. П. _4070 |
|
| 712 | 0 | 2 |
_4570 _aИнститут русского языка им. В. В. Виноградова _cМосква _3RU\NLR\AUTH\8818289 _9309772 |
| 801 | 0 |
_aRU _bNLR _c20090715 _gRCR |
|
| 801 | 1 |
_aRU _bNLR _c20090715 |
|
| 942 | _cBOOK | ||
| 980 | _aNB | ||